| 000 | 00827nam a2200229Ia 4500 | ||
|---|---|---|---|
| 001 | 9990 | ||
| 003 | GE_BSU | ||
| 008 | 181216s||||||||xx |||||||||||||| ||und|| | ||
| 040 | _cGE_BSU | ||
| 080 | _a821.353.1–13 | ||
| 100 | _aრუსთაველი,შოთა | ||
| 245 | _aვეფხისტყაოსანი | ||
| 245 | _bპოემა | ||
| 245 | _cსარედ.საბჭო გ.აბაშიძე.ა.ადამია.ხ.ახვლედიანი და სხვ.მხატვრ. ლადო გრიგოლია | ||
| 260 | _aთბილისი | ||
| 260 | _bსაბჭოთა საქართველო | ||
| 260 | _c1970 | ||
| 300 | _a287გვ.20სმ. | ||
| 653 | _aვეფხისტყაოსანი | ||
| 653 | _aპოემა | ||
| 942 | _cBK | ||
| 999 |
_c43263 _d43263 |
||